Contemporary English (Record no. 5184)

MARC details
005 - DATE AND TIME OF LATEST TRANSACTION
control field 20250626061024.0
020 ## - INTERNATIONAL STANDARD BOOK NUMBER
International Standard Book Number 0-07-253979-8
082 ## - DEWEY DECIMAL CLASSIFICATION NUMBER
Classification number 300 MCN
100 ## - MAIN ENTRY--PERSONAL NAME
Author name McNemara, T
245 ## - TITLE STATEMENT
Title Contemporary English
250 ## - EDITION STATEMENT
Edition statement 2nd Ed.
260 ## - PUBLICATION, DISTRIBUTION, ETC.
Place of publication, distribution, etc. Chicago
Name of publisher, distributor, etc. McGraw-Hill
Date of publication, distribution, etc. 2003
300 ## - PHYSICAL DESCRIPTION
Extent vii, 122p. : ill. ; drawings
Dimensions 27cm
942 ## - ADDED ENTRY ELEMENTS (KOHA)
Source of classification or shelving scheme Dewey Decimal Classification
Koha item type Books
Holdings
Date last seen Total checkouts Full call number Barcode Cost, replacement price Price effective from Koha item type Lost status Source of classification or shelving scheme Damaged status Not for loan Withdrawn status Home library Current library Shelving location Date acquired Source of acquisition Cost, normal purchase price
06/26/2025   300 MCN MZA0002209 60000.00 06/26/2025 Books   Dewey Decimal Classification       CBE Mwanza CBE Mwanza General Collection 07/16/2007 Library Budget 20000.00
06/26/2025   300 MCN MZA0002210 60000.00 06/26/2025 Books   Dewey Decimal Classification       CBE Mwanza CBE Mwanza General Collection 07/16/2007 Library Budget 20000.00
06/26/2025   300 MCN MZA0002211 60000.00 06/26/2025 Books   Dewey Decimal Classification       CBE Mwanza CBE Mwanza General Collection 07/16/2007 Library Budget 20000.00
06/26/2025   300 MCN MZA0002212 60000.00 06/26/2025 Books   Dewey Decimal Classification       CBE Mwanza CBE Mwanza General Collection 07/16/2007 Library Budget 20000.00
06/26/2025   300 MCN MZA0002213 60000.00 06/26/2025 Books   Dewey Decimal Classification       CBE Mwanza CBE Mwanza General Collection 07/16/2007 Library Budget 20000.00
06/26/2025   300 MCN MZA0002214 60000.00 06/26/2025 Books   Dewey Decimal Classification       CBE Mwanza CBE Mwanza General Collection 07/16/2007 Library Budget 20000.00